Écueils de la mondialisation : Urgence d'un nouveau contrat social

Gespeichert in:
Bibliographische Detailangaben
1. Verfasser: Petrella, Riccardo
Format: Buch
Sprache:Undetermined
Veröffentlicht: Montreal Fides 1997
Schlagworte:
Tags: Tag hinzufügen
Keine Tags, Fügen Sie den ersten Tag hinzu!
Thư viện lưu trữ: Trung tâm Học liệu Trường Đại học Cần Thơ
LEADER 00562nam a2200193Ia 4500
001 CTU_41232
008 210402s9999 xx 000 0 und d
082 |a 337 
082 |b P494 
100 |a Petrella, Riccardo 
245 0 |a Écueils de la mondialisation : 
245 0 |b Urgence d'un nouveau contrat social 
245 0 |c Riccardo Petrella 
260 |a Montreal 
260 |b Fides 
260 |c 1997 
650 |a International economic relations,Social contrast 
904 |i Minh, Huỳnh Mai 
980 |a Trung tâm Học liệu Trường Đại học Cần Thơ